[Event "AUT-ch U12"]
[White "Steiner, Martin1"]
[Black "Schneeweis, Michael"]
[Site "Eisenstadt"]
[Round "7.7"]
[Result "1-0"]
[Date "2010.05.25"]
[WhiteElo "1575"]
[BlackElo "1326"]
[PlyCount "67"]
[EventDate "2010.05.22"]
[EventType "swiss"]
[EventRounds "7"]
[EventCountry "AUT"]
[SourceTitle "EXT 2024"]
[Source "ChessBase"]
[SourceDate "2023.10.10"]
[SourceVersion "1"]
[SourceVersionDate "2023.10.10"]
[SourceQuality "1"]

1. d4 Nf6 2. Nf3 g6 3. c4 d6 4. Nc3 Bg7 5. e4 0-0 6. Be2 Nbd7 7. 0-0 e5 8. d5 Nc5 9. Qc2 a5 10. Be3 Ncd7 11. a3 c6 12. dxc6 bxc6 13. Rad1 Qe7 14. Rd2 Bb7 15. Rfd1 Ne8 16. b4 axb4 17. axb4 Ndf6 18. h3 h6 19. c5 d5 20. exd5 cxd5 21. c6 Bxc6 22. Bc5 Qe6 23. Bxf8 Bxf8 24. b5 Bb7 25. Qb3 Nc7 26. Ne1 d4 27. Bc4 Qd7 28. Na4 Ncd5 29. Nd3 Qe7 30. Re1 e4 31. Ndc5 Kg7 32. Rxd4 Qe5 33. Rdd1 Bxc5 34. Nxc5 1-0

[Event "AUT-ch U12"]
[White "Schneeweis, Michael"]
[Black "Gludovatz, Lukas"]
[Site "Eisenstadt"]
[Round "5.7"]
[Result "0-1"]
[Date "2010.05.24"]
[WhiteElo "1326"]
[BlackElo "1548"]
[PlyCount "76"]
[EventDate "2010.05.22"]
[EventType "swiss"]
[EventRounds "7"]
[EventCountry "AUT"]
[SourceTitle "EXT 2024"]
[Source "ChessBase"]
[SourceDate "2023.10.10"]
[SourceVersion "1"]
[SourceVersionDate "2023.10.10"]
[SourceQuality "1"]

1. Nf3 d5 2. d4 Nf6 3. e3 e6 4. c4 c6 5. Nc3 Nbd7 6. Be2 dxc4 7. Bxc4 b5 8. Bd3 Bd6 9. 0-0 0-0 10. Qc2 Bb7 11. Bd2 a6 12. Ne4 Bc7 13. Bb4 Re8 14. Bd6 Qb8 15. Bxc7 Qxc7 16. Nxf6+ Nxf6 17. Ng5 h6 18. Ne4 Ng4 19. Ng3 Rac8 20. h3 Nf6 21. Rad1 Qb6 22. Rfe1 c5 23. dxc5 Rxc5 24. Qb1 Qc6 25. Bf1 Rc8 26. f3 Rc2 27. Re2 Nd5 28. Kh1 Rxe2 29. Bxe2 Nxe3 30. Rd3 Nd5 31. Rd1 Qc2 32. Qxc2 Rxc2 33. Rb1 Nf4 34. Bf1 Bd5 35. Kg1 Bxa2 36. Rd1 Bc4 37. Rd4 Bxf1 38. Nxf1 Ne2+ 0-1

[Event "AUT-ch U12"]
[White "Schneeweis, Michael"]
[Black "Hofer, Maximilian"]
[Site "Eisenstadt"]
[Round "1.7"]
[Result "1-0"]
[Date "2010.05.22"]
[WhiteElo "1326"]
[BlackElo "1609"]
[PlyCount "47"]
[EventDate "2010.05.22"]
[EventType "swiss"]
[EventRounds "7"]
[EventCountry "AUT"]
[SourceTitle "EXT 2024"]
[Source "ChessBase"]
[SourceDate "2023.10.10"]
[SourceVersion "1"]
[SourceVersionDate "2023.10.10"]
[SourceQuality "1"]

1. Nf3 Nc6 2. d4 d5 3. e3 Nf6 4. c4 e6 5. Qb3 Be7 6. Nc3 0-0 7. Bd3 Rb8 8. Bd2 a6 9. 0-0 Bd7 10. cxd5 exd5 11. Nxd5 Nxd5 12. Qxd5 Bd6 13. Ng5 h6 14. Qe4 g6 15. Nxf7 Rxf7 16. Bc4 Bf5 17. Bxf7+ Kxf7 18. Qd5+ Kg7 19. e4 Ne7 20. Qc4 Bxe4 21. Bc3 Kh7 22. Qf7+ Kh8 23. d5+ Be5 24. Bxe5# 1-0